| 000 | 00975nam a22003137a 4500 | ||
|---|---|---|---|
| 003 | CHAP | ||
| 005 | 20220329134316.0 | ||
| 008 | 971013s r 00010 d | ||
| 010 | _a18521 | ||
| 011 | _a19493 | ||
| 035 | _a23578 | ||
| 040 | _cCHAP | ||
| 082 |
_a551.46 _bC45 |
||
| 110 |
_aCentro de Investigación Científica y de Educación Superior de Ensenada, B. C. _921139 |
||
| 245 | _aColección de reimpresos | ||
| 260 |
_aEnsenada, B.C. : _bEl centro, _c19 - |
||
| 300 | _av. | ||
| 500 | _aLa biblioteca tiene: v.1 1973-76 | ||
| 590 |
_aBATCH-UPD _b10 _c20130110 _lUCH01 _h1321 |
||
| 590 |
_aBATCH-UPD _b10 _c20130410 _lUCH01 _h0830 |
||
| 590 |
_aBATCH-UPD _b10 _c20130914 _lUCH01 _h1421 |
||
| 590 |
_aCONVERSION _b10 _c20130109 _lUCH01 _h1311 |
||
| 650 | 1 | 4 |
_aFísica. _941975 |
| 650 | 1 | 4 |
_aOceanografía. _982638 |
| 650 | 1 | 4 |
_aSismología. _9106693 |
| 901 | _aBK | ||
| 942 | _cLIBRO | ||
| 949 |
_a551.46 C45 _bBC _cLIBRO _d33724000435012 _eLIBRO _h38906 _i23578 _mD _si |
||
| 999 |
_c18521 _d18521 |
||